000
00334nam a2200145Ia 4500
008
191201s2014 xx 000 0 und d
082
_a
005.133
_b
SEP
100
_a
Sethi, Ravi
245
0
_a
Programming Language
250
_a
Imp
260
_a
N.Delhi
_b
pearson
_c
2014
300
_a
481
650
_a
B.Tech(CSE)
942
_2
ddc
_c
BK
_0
2
999
_c
3806
_d
3806